The road; (Record no. 56391)

MARC details
000 -LEADER
fixed length control field 00508cam a22001931 4500
001 - CONTROL NUMBER
control field sa 64000711
003 - CONTROL NUMBER IDENTIFIER
control field DLC
005 - DATE AND TIME OF LATEST TRANSACTION
control field 20260227111958.0
008 - FIXED-LENGTH DATA ELEMENTS--GENERAL INFORMATION
fixed length control field 760506s1961 ii 000 1 eng
010 ## - LIBRARY OF CONGRESS CONTROL NUMBER
LC control number sa 64000711
035 ## - SYSTEM CONTROL NUMBER
System control number (OCoLC)2161395
040 ## - CATALOGING SOURCE
Original cataloging agency DLC
Transcribing agency MNS
Modifying agency OCoLC
-- DLC
050 00 - LIBRARY OF CONGRESS CALL NUMBER
Classification number PZ3.A535
Item number Ro
Classification number PR9499.3.A5
100 1# - MAIN ENTRY--PERSONAL NAME
Personal name Anand, Mulk Raj,
Dates associated with a name 1905-2004.
245 14 - TITLE STATEMENT
Title The road;
Remainder of title a novel.
260 ## - PUBLICATION, DISTRIBUTION, ETC.
Place of publication, distribution, etc. Bombay,
Name of publisher, distributor, etc. Kutub-Popular
Date of publication, distribution, etc. [1961]
300 ## - PHYSICAL DESCRIPTION
Extent 111 p.
Dimensions 20 cm.
651 #0 - SUBJECT ADDED ENTRY--GEOGRAPHIC NAME
Geographic name India
Form subdivision Fiction.

No items available.

Powered by Koha